| 000 | 01313cam a22003011ia4500 | ||
|---|---|---|---|
| 003 | SA-RiAUC | ||
| 005 | 20241204144303.0 | ||
| 008 | 241204s2007 ts j f00010bara c | ||
| 040 |
_aADPOL _bara _cSA-RiAUC. _erda |
||
| 082 | 0 | 4 | _a239 |
| 090 |
_a239 _b ع ب د هـ |
||
| 100 | 1 |
_aعبد الهادي، رمضان عبد الله _eمؤلف. |
|
| 245 | 1 | 0 |
_aمختصر السيرة النبوية للناشئة / _cبقلم رمضان عبد الهادي. |
| 250 | _aالطبعة الأولى. | ||
| 264 | 1 |
_aدبي، الإمارات العربية العربية : _bجائزة دبي الدولية للقرآن الكريم، _c2007 |
|
| 300 |
_a3 مجلد ؛ _c25 سم |
||
| 336 |
_aنص _btxt _2rdacontent _3كتاب |
||
| 337 |
_aبدون وسيط _bn _2rdamedia |
||
| 338 |
_aمجلد _bnc _2rdacarrier |
||
| 500 | _aأهدء من جائزة دبي الدولية للقرآن الكريم26-06-2008م | ||
| 521 | _aموجه للناشئة. | ||
| 600 | 0 | 7 |
_aمحمد (صلى الله عليه وسلم)، _d53 قبل الهجرة-11 هجري _vأدب الناشئة _2aucnm |
| 650 | 7 |
_aالسيرة النبوية _vأدب الناشئة _2aucsh |
|
| 650 | 7 |
_aثقافة الأطفال _2aucsh |
|
| 942 |
_2ddc _cBOOK _n0 |
||
| 949 |
_aSA-JeALM _d241204 _uosman123 _n1 |
||
| 999 |
_c3032 _d3032 |
||